| 000 | 00327nam a22001217a 4500 | ||
|---|---|---|---|
| 008 | 180518b xxu||||| |||| 00| 0 eng d | ||
| 041 | _aeng | ||
| 080 | _a043.3 | ||
| 100 | _a0 | ||
| 101 | _aSHKI-BTH | ||
| 245 |
_aZhvillimi i sistemit per regjistrimin e pacientëve me tuberkuloz në ASP.NET MVC 5 _cBelegu,A |
||
| 942 |
_2udc _cBK |
||
| 999 |
_c45988 _d45988 |
||